Central Library OPAC University of Rajshahi

Tibet and the Tibetans / (Record no. 29423)

MARC details
000 -LEADER
fixed length control field 00909nam a22002771 4500
001 - CONTROL NUMBER
control field 29423
003 - CONTROL NUMBER IDENTIFIER
rucl marc code BD-RjUL
005 - DATE AND TIME OF LATEST TRANSACTION
control field 20211209051418.0
008 - FIXED-LENGTH DATA ELEMENTS--GENERAL INFORMATION
fixed length control field 140403s1953 caua 001 0 eng
035 ## - SYSTEM CONTROL NUMBER
System control number (BD-RjUL)29508
System control number (OCoLC)411664
040 ## - CATALOGING SOURCE
Original cataloging agency DLC
Transcribing agency ODaWU
Modifying agency BD-RjUL
Language of cataloging eng
041 ## - LANGUAGE CODE
Language code of text/sound track or separate title eng
082 ## - DEWEY DECIMAL CLASSIFICATION NUMBER
Classification number 915.15
Author mark and year SHT 1953
100 1# - MAIN ENTRY--PERSONAL NAME
Personal name Shên, Tsung-lien.
9 (RLIN) 89713
245 10 - TITLE STATEMENT
Title Tibet and the Tibetans /
Statement of responsibility, etc. Tsung-lien Shên and Shên-chi Liu, Foreword by George E. Taylor.
260 ## - PUBLICATION, DISTRIBUTION, ETC. (IMPRINT)
Place of publication, distribution, etc. Stanford ; Calif. :
Name of publisher, distributor, etc. Stanford University Press,
Date of publication, distribution, etc. c1953.
300 ## - PHYSICAL DESCRIPTION
Pagination x, 199 p. :
Illustrations illus. ;
Size 24 cm.
504 ## - BIBLIOGRAPHY, ETC. NOTE
Bibliography, etc Includes index.
651 #0 - SUBJECT ADDED ENTRY--GEOGRAPHIC NAME
Geographic name Tibet Autonomous Region (China)
General subdivision History.
9 (RLIN) 77912
Geographic name Tibet Autonomous Region (China)
General subdivision Social life and customs.
9 (RLIN) 89714
700 1# - ADDED ENTRY--PERSONAL NAME
Personal name Liu, Shêng-chi
Relator term joint author.
942 ## - ADDED ENTRY ELEMENTS (KOHA)
Source of classification or shelving scheme Dewey Decimal Classification
Koha item type Books
Holdings
Lost status Source of classification or shelving scheme Damaged status Not for loan Collection code Permanent Location Current Location Shelving location Date acquired Source of acquisition Cost, normal purchase price Total Checkouts Full call number Date last seen Copy number Koha item type
  Dewey Decimal Classification     Non-fiction Central Library, University of Rajshahi Central Library, University of Rajshahi   13/02/1956 O. B. Slationery Co. 32.80   915.15 SHT 1953 03/04/2014 C-2 Books